000 01409cam a2200385 a 4500
001 data
005 20260322212116.0
008 data
035 _a1615267
906 _a7
_bcbc
_corignew
_d1
_eocip
_f19
_gy-gencatlg
010 _a 95017744
020 _a157255035X
_qpbk.
035 _9(DLC) 95017744
040 _aDLC
_cDLC
_dDLC
042 _alcac
050 0 0 _aQH48
_b.M618 1995
082 0 0 _a508
_220
100 1 _aMontgomery, Charlotte.
245 1 0 _aLook again /
_cby Charlotte Montgomery ; illustrated by Deborah Drew-Brook and Allan Cormack.
260 _aGreenvale, NY :
_bMondo Pub.,
_cc1995.
300 _a8 p. :
_bcol. ill. ;
_c19 cm.
336 _atext
_btxt
_2rdacontent
337 _aunmediated
_bn
_2rdamedia
338 _avolume
_bnc
_2rdacarrier
520 _aThree children explore outdoors with a magnifying glass, binoculars, and a telescope.
650 0 _aNature
_xJuvenile literature.
650 0 _aNature study
_xJuvenile literature.
650 1 _aNature.
650 1 _aNature study.
700 1 _aDrew-Brook-Cormack, Deborah,
_eill.
700 1 _aDrew-Brook-Cormack, Allan,
_eill.
991 _bc-GenColl
_hQH48
_i.M618 1995
_p00016247297
_tCopy 1
_wBOOKS
999 _c1749
_d1749